000 004240000a22001810004500
003 MACL
005 20151015173604.0
008 151015b xxu||||| |||| 00| 0 eng d
040 _aMACL
_cMACL
041 _aEnglish
082 _a920/SIN
100 _aSingh, Devendra
_915162
245 _aTulsidas
260 _bNational Book Trust
_c1971
_aNew Delhi
350 _a2
650 _aBiography
_915163
942 _cBK
_k920
_2ddc
999 _c7194
_d7194